La nariz de Moritz / (Registro nro. 9663)

Detalles MARC
000 -LIDER
fixed length control field 01011nam a2200337 4500
001 - NÚMERO DE CONTROL
Identificador de número de control 165973
003 - IDENTIFICACDOR DE NÚMERO DE CONTROL
control field DO-SdBPM
005 - DATE AND TIME OF LATEST TRANSACTION
control field 20250410110811.0
007 - CAMPOS FIJOS DE DESCRIPCIÓN FÍSICA
fixed length control field 165973
008 - ELEMENTOS DE LONGITUD FIJA
fixed length control field 851001s1980 sp a 000 spa
017 ## - NÚMERO DE REGISTRO DE DERECHOS DE AUTOR
Assigning agency
020 ## - ISBN
International Standard Book Number 8422659085
035 ## - NÚMERO LOCAL
System control number
040 ## - FUENTE DE CATALOGACIÓN
Agencia que crea de manera original el registro DO-SdBPM
Idioma de catalogación spa
Agencia que realiza la transcripción BPMSU
Convenciones de la despripción
041 1# - CÓDIGOS DE OBRAS TRADUCIDAS O EN VARIOS IDIOMAS
Código del idioma del texto/archivo de sonido o separata spa
Cód. del idioma original y/o traducciones intermedias del texto
080 #0 - NÚMERO DE CLASIFICACIÓN DECIMAL UNIVERSAL
Universal Decimal Classification number
082 #4 - NÚMERO DE CLASIFICACIÓN DECIMAL DE DEWEY
Classification number 833.91
Item number L797n 1996
Edition number 22
100 1# - ASIENTO PRINCIPAL -- NOMBRE PERSONAL
Nombre personal Lobe, Mira
Fechas asociadas con el nombre 1913-
245 13 - MENCIÓN DE TITULO
Título La nariz de Moritz /
Mención de responsabilidad Mira Lobe ; traducción Manuel Olasagasti
Medio (Designación general de material)
260 ## - PUBLICACIÓN, DISTRIBUCIÓN, ETC. (PIE DE IMPRENTA)
Lugar de publicación, distribución, etc Madrid :
Nombre del editor, distribuidor, etc. Círculo de Lectura
Fecha de publicación, distribución, etc 1980
300 ## - DESCRIPCIÓN FÍSICA
Extensión 159 p.:
Otros detalles físicos il.:
Dimensiones 22 cm
490 0# - MENCIÓN DE SERIES
Mención de serie El Barco de vapor ;
-- Círculo de lectores
Volume/sequential designation
534 ## - NOTA SOBRE LA VERSIÓN ORIGINAL
Frase introductoria Título original :
Mención del título original Moritz Huna Nasenriecher
590 ## - NOTA LOCAL
Texto de la nota local Inventariado, 2025/VM
650 #4 - ENCABEZAMIENTO DE MATERIA--TEMÁTICO
Término temático o nombre geográfico como elemento de entrada Cuentos infantiles alemanes
650 #4 - ENCABEZAMIENTO DE MATERIA--TEMÁTICO
Término temático o nombre geográfico como elemento de entrada Literatura infantil alemana
700 1# - ASIENTO SECUNDARIO -- NOMBRE PERSONAL
Nombre personal Olasagasti, Manuel
Mención de responsabilidad traductor
700 1# - ASIENTO SECUNDARIO -- NOMBRE PERSONAL
Nombre personal Telle, Antonio
Mención de responsabilidad ilustración
910 ## - VALIDACIÓN
Validación VMateo V. Control de calidad. BPMSU
942 ## - ADDED ENTRY ELEMENTS (KOHA)
Source of classification or shelving scheme Dewey Decimal Classification
Koha item type Libros
Existencias
Withdrawn status Lost status Source of classification or shelving scheme Damaged status Not for loan Collection code Home library Current library Date acquired Source of acquisition Total Checkouts Full call number Barcode Date last seen Price effective from Koha item type Copy number
    Dewey Decimal Classification     Colección Infantil General Biblioteca Pública Metropolitana Salomé Ureña Biblioteca Pública Metropolitana Salomé Ureña 04/08/2016 FUNDI   BPMSU CGI 833.91 L797n 1996 BPMSU16040264 04/08/2016 04/08/2016 Libros  
    Dewey Decimal Classification     Colección Infantil General Biblioteca Pública Metropolitana Salomé Ureña Biblioteca Pública Metropolitana Salomé Ureña 10/19/2016 FUNDI   BPMSU CGI 833.91 L797n 1996 BPMSU16100251 10/19/2016 10/19/2016 Libros e.2